Famous European Authors Quiz Stats

Quiz Updated Sep 6, 2015

Challenge
Share
Tweet
Score 0/20 Timer 06:00
1 Play Today
% Correct
J. K. Rowling
95.7%
Anne Frank
93.2%
Agatha Christie
82.5%
Oscar Wilde
75.7%
William Shakespeare
75.5%
Jane Austen
73%
Leo Tolstoy
70%
Dante Alighieri
65.9%
Jacob and Wilhelm Grimm
64.8%
Miguel De Cervantes
63.1%
% Correct
Virginia Woolf
54.6%
Fyodor Dostoyevsky
54.5%
Homer
51.1%
George Orwell
48.9%
Franz Kafka
45.5%
Victor Hugo
40.9%
Mary Shelley
35%
Astrid Lindgren
26.1%
Milan Kundera
18.8%
Jo Nesbø
13.9%

You're not logged in!

Compare scores with friends on all Sporcle quizzes.
Join for Free
OR
Log In

You Might Also Like...

Show Comments

Extras

Top Quizzes Today


Score Distribution

Your Account Isn't Verified!

In order to create a playlist on Sporcle, you need to verify the email address you used during registration. Go to your Sporcle Settings to finish the process.

Report this User

Report this user for behavior that violates our Community Guidelines.

Details: